<?xml version="1.0" encoding="UTF-8"?>
<record
    xmlns:xsi="http://www.w3.org/2001/XMLSchema-instance"
    xsi:schemaLocation="http://www.loc.gov/MARC21/slim http://www.loc.gov/standards/marcxml/schema/MARC21slim.xsd"
    xmlns="http://www.loc.gov/MARC21/slim">

  <leader>01751nam a22003018i 4500</leader>
  <controlfield tag="001">in00024361338</controlfield>
  <controlfield tag="003">OSt</controlfield>
  <controlfield tag="005">20260512141404.0</controlfield>
  <controlfield tag="008">251208s2025    nyu      b    001 0 eng  </controlfield>
  <datafield tag="010" ind1=" " ind2=" ">
    <subfield code="a">  2024052198</subfield>
  </datafield>
  <datafield tag="020" ind1=" " ind2=" ">
    <subfield code="a">9781032422398</subfield>
    <subfield code="q">(paperback)</subfield>
  </datafield>
  <datafield tag="040" ind1=" " ind2=" ">
    <subfield code="a">DLC</subfield>
    <subfield code="b">eng</subfield>
    <subfield code="e">rda</subfield>
    <subfield code="c">DLC</subfield>
    <subfield code="d">MILA_ain</subfield>
  </datafield>
  <datafield tag="050" ind1=" " ind2=" ">
    <subfield code="a">TR897.7 </subfield>
    <subfield code="b">.A66 A55 2025</subfield>
  </datafield>
  <datafield tag="100" ind1="1" ind2=" ">
    <subfield code="a">Annand, Jonathan,</subfield>
    <subfield code="e">author.</subfield>
  </datafield>
  <datafield tag="245" ind1="1" ind2="0">
    <subfield code="a">Animation craft :</subfield>
    <subfield code="b">for 3D and 2D animators /</subfield>
    <subfield code="c">Jonathan Annand.</subfield>
  </datafield>
  <datafield tag="250" ind1=" " ind2=" ">
    <subfield code="a">1.</subfield>
  </datafield>
  <datafield tag="263" ind1=" " ind2=" ">
    <subfield code="a">2506</subfield>
  </datafield>
  <datafield tag="264" ind1=" " ind2="1">
    <subfield code="a">New York :</subfield>
    <subfield code="b">CRC Press,</subfield>
    <subfield code="c">2025.</subfield>
  </datafield>
  <datafield tag="300" ind1=" " ind2=" ">
    <subfield code="a">pages cm</subfield>
  </datafield>
  <datafield tag="336" ind1=" " ind2=" ">
    <subfield code="a">text</subfield>
    <subfield code="b">txt</subfield>
    <subfield code="2">rdacontent</subfield>
  </datafield>
  <datafield tag="337" ind1=" " ind2=" ">
    <subfield code="a">unmediated</subfield>
    <subfield code="b">n</subfield>
    <subfield code="2">rdamedia</subfield>
  </datafield>
  <datafield tag="338" ind1=" " ind2=" ">
    <subfield code="a">volume</subfield>
    <subfield code="b">nc</subfield>
    <subfield code="2">rdacarrier</subfield>
  </datafield>
  <datafield tag="504" ind1=" " ind2=" ">
    <subfield code="a">Includes bibliographical references and index.</subfield>
  </datafield>
  <datafield tag="520" ind1=" " ind2=" ">
    <subfield code="a">"This book is for those who want to learn the craft or mechanics of animation, how to actually animate a scene from start to finish, or take their animation to the next level. Using over 600 examples, this book answers the questions about the craft of animation that are often not taught in schools or books. Each chapter contains step-by-step examples explaining the principles of animation and how to avoid common problems that occur when animating. This book also teaches you how to critique an animated scene objectively, rather than subjectively - then fix what's wrong with it. Animation Craft for 3D and 2D Animators will be a great resource for any beginner looking to learn the fundamentals of animation, or more experienced animators looking to hone their craft"--</subfield>
    <subfield code="c">Provided by publisher.</subfield>
  </datafield>
  <datafield tag="776" ind1="0" ind2="8">
    <subfield code="i">Online version:</subfield>
    <subfield code="a">Annand, Jonathan.</subfield>
    <subfield code="t">Animation craft</subfield>
    <subfield code="b">1.</subfield>
    <subfield code="d">New York : CRC Press, 2025</subfield>
    <subfield code="z">9781003361893</subfield>
    <subfield code="w">(DLC) 2024052199</subfield>
  </datafield>
  <datafield tag="942" ind1=" " ind2=" ">
    <subfield code="2">lcc</subfield>
    <subfield code="c">BK</subfield>
  </datafield>
  <datafield tag="999" ind1=" " ind2=" ">
    <subfield code="c">2655</subfield>
    <subfield code="d">2655</subfield>
  </datafield>
  <datafield tag="952" ind1=" " ind2=" ">
    <subfield code="0">0</subfield>
    <subfield code="1">0</subfield>
    <subfield code="2">lcc</subfield>
    <subfield code="4">0</subfield>
    <subfield code="7">0</subfield>
    <subfield code="a">MIUCL</subfield>
    <subfield code="b">MIUCL</subfield>
    <subfield code="c">GEN</subfield>
    <subfield code="d">2026-05-12</subfield>
    <subfield code="e">Emo Book Services Sdn Bhd</subfield>
    <subfield code="g">232.21</subfield>
    <subfield code="l">0</subfield>
    <subfield code="o">TR897.7 .A66 A55 2025</subfield>
    <subfield code="p">0003616</subfield>
    <subfield code="r">2026-05-12 14:15:16</subfield>
    <subfield code="v">232.21</subfield>
    <subfield code="w">2026-05-12</subfield>
    <subfield code="y">BK</subfield>
  </datafield>
</record>
